[Event "Lugansk-A"]
[Site "Lugansk"]
[Date "2007.10.??"]
[Round "15"]
[White "Lastin, Alexander"]
[Black "Liusi, Viktor A"]
[Result "1-0"]
[WhiteElo "2597"]
[BlackElo "2321"]
[PlyCount "55"]
[EventDate "2007.10.??"]
[EventType "tourn"]
[EventRounds "17"]
[EventCountry "UKR"]
[EventCategory "6"]
[SourceTitle "EXT 2009"]
[Source "ChessBase"]
[SourceDate "2008.11.26"]
[SourceVersion "1"]
[SourceVersionDate "2008.11.26"]
[SourceQuality "1"]

1. d4 Nf6 2. c4 e5 3. dxe5 Ng4 4. Nf3 Bc5 5. e3 Nc6 6. Nc3 0-0 7. Be2 Re8 8. 0-0 a5 9. b3 Ncxe5 10. Nxe5 Nxe5 11. Na4 Ba7 12. c5 d6 13. cxd6 cxd6 14. Bb2 Bf5 15. Qd5 Qe7 16. Rad1 Red8 17. Ba3 Bb8 18. Nc5 Bc8 19. Ne4 Qe6 20. Qxe6 Bxe6 21. Nxd6 Bxd6 22. Bxd6 f6 23. Bxe5 fxe5 24. Bf3 Rxd1 25. Rxd1 Rb8 26. Rd6 Kf7 27. Rb6 Bc8 28. Rb5 1-0

[Event "Lugansk-A"]
[Site "Lugansk"]
[Date "2007.10.??"]
[Round "2"]
[White "Pilavov, Georgy"]
[Black "Liusi, Viktor A"]
[Result "1-0"]
[WhiteElo "2605"]
[BlackElo "2321"]
[PlyCount "37"]
[EventDate "2007.10.??"]
[EventType "tourn"]
[EventRounds "17"]
[EventCountry "UKR"]
[EventCategory "6"]
[SourceTitle "EXT 2009"]
[Source "ChessBase"]
[SourceDate "2008.11.26"]
[SourceVersion "1"]
[SourceVersionDate "2008.11.26"]
[SourceQuality "1"]

1. d4 d5 2. c4 Nc6 3. Nc3 Nf6 4. cxd5 Nxd5 5. Nf3 Bf5 6. Qb3 e6 7. e4 Nxc3 8. exf5 Nd5 9. Qxb7 Ncb4 10. Ne5 Nc2+ 11. Kd1 Nxd4 12. Bb5+ Nxb5 13. Qxb5+ c6 14. Qxc6+ Ke7 15. Bg5+ Nf6+ 16. Ke1 Qc8 17. Qb5 exf5 18. Rd1 Rb8 19. Nc6+ 1-0

[Event "Lugansk-A"]
[Site "Lugansk"]
[Date "2007.10.??"]
[Round "7"]
[White "Pushkov, Nikolai"]
[Black "Liusi, Viktor A"]
[Result "1-0"]
[WhiteElo "2513"]
[BlackElo "2321"]
[PlyCount "107"]
[EventDate "2007.10.??"]
[EventType "tourn"]
[EventRounds "17"]
[EventCountry "UKR"]
[EventCategory "6"]
[SourceTitle "EXT 2009"]
[Source "ChessBase"]
[SourceDate "2008.11.26"]
[SourceVersion "1"]
[SourceVersionDate "2008.11.26"]
[SourceQuality "1"]

1. d4 d5 2. c4 e6 3. Nc3 Nf6 4. Nf3 Be7 5. Bg5 h6 6. Bh4 0-0 7. e3 b6 8. Bd3 Bb7 9. 0-0 Nbd7 10. Bg3 c5 11. Qe2 Rc8 12. Rfd1 cxd4 13. exd4 dxc4 14. Bxc4 Bxf3 15. gxf3 Nh5 16. Kg2 Nxg3 17. hxg3 Qc7 18. Ba6 Rcd8 19. Rac1 Qb8 20. Nb5 Nf6 21. Rc7 Nd5 22. Rxa7 Bd6 23. a3 Rfe8 24. b4 Re7 25. Rxe7 Bxe7 26. Rc1 Bd6 27. Nxd6 Qxd6 28. Qc4 g6 29. Qc6 Qxc6 30. Rxc6 Ra8 31. Rc8+ Rxc8 32. Bxc8 Kf8 33. Bb7 Nc7 34. a4 Ke7 35. a5 bxa5 36. bxa5 Kd6 37. a6 Nb5 38. f4 Kc7 39. d5 exd5 40. Bxd5 Nd6 41. Kf3 Kb6 42. Bb7 Nxb7 43. axb7 Kxb7 44. Ke4 Kc7 45. Ke5 Kd7 46. Kf6 Ke8 47. f5 gxf5 48. Kxf5 Ke7 49. g4 Ke8 50. Kf6 Kf8 51. f4 Kg8 52. Ke7 Kg7 53. f5 Kg8 54. f6 1-0